000 00830nam a2200265 i 4500
001 10685
003 ES-MaACL
005 20240225063047.0
007 t|
008 921028s1991 sp ||||0| spa d
016 7 _zCEN920107165
020 _a84-86351-18-9
040 _aCEN
_bspa
_cCEN
080 _a860(728.5)-31"19"
100 1 _aDarío, Rubén,
_d1867-1916
_942720
245 1 3 _aEl oro de Mallorca
_b: (novela inconclusa) /
_cRubén Dario ; edición, introducción y notas de Carlos Meneses.
250 _a[1ª ed.].
260 _aHumanes, Madrid :
_bJuan Pastor,
_c1991.
300 _a89 p. ;
_c20 cm.
490 1 _aDevenir/el otro ;
_v1
700 1 _aMeneses, Carlos.
_980339
830 0 _aDevenir/el otro ;
_v1
_9179466
852 _aES-MaACL
_jP-1943 Nº 1
_bR.122628
999 _c10685
_d10685